header

Improving profitability through green manufacturing (Record no. 83313)

MARC details
000 -LEADER
fixed length control field 01452nam a2200349 a 4500
082 04 - DEWEY DECIMAL CLASSIFICATION NUMBER
Classification number 628
100 1# - MAIN ENTRY--AUTHOR NAME
Personal name Hillis, David R.
245 10 - TITLE STATEMENT
Title Improving profitability through green manufacturing
260 ## - PUBLICATION, DISTRIBUTION, ETC. (IMPRINT)
Place of publication Hoboken, N.J. :
Name of publisher Wiley,
Year of publication 2012.
300 ## - PHYSICAL DESCRIPTION
Number of Pages xvi, 227 p. :
Other physical details ill.
650 #0 - SUBJECT ADDED ENTRY--TOPICAL TERM
Topical Term Manufacturing processes
Topical Term Manufacturing processes
Topical Term Green products
Topical Term Sustainable enginering.
700 1# - ADDED ENTRY--PERSONAL NAME
Personal name DuVall, John Barry,
856 40 - ELECTRONIC LOCATION AND ACCESS
Uniform Resource Identifier http://site.ebrary.com/lib/rucke/Doc?id=10582591

No items available.

© 2026 Rongo University
Contact us: librarian | system librarian | Rongo university